000 00713nam a2200253Ia 4500
003 OSt
005 20220912151338.0
006 a|||||r|||| 00| 0
007 ta
008 220909b |||||||| |||| 00| 0 eng d
024 _a29550
037 _cTextual
040 _aCSL
_beng
_cCSL
041 _aeng
082 _aB28:(D65,8(B))p1,N82, M5
100 _aMatusita K Ed.
245 0 _aProceeding on statistical theory and data analysis
260 _aAmsterdam
_bNorth Holland
_c1985
300 _aix, 810p.
_ccm.
500 _aIncludes bibliography
650 _astatistical theory
942 _hB28:(D65,8(B))p1,N82, M5
_cTEXL
_2CC
999 _c66515
_d66515